000 00542nam a2200229Ia 4500
003 OSt
005 20220916111011.0
006 a|||||r|||| 00| 0
007 ta
008 220915b |||||||| |||| 00| 0 eng d
024 _a93725
037 _cTextbook
040 _beng
_aARTS
_cARTS
041 _aeng
082 _aU:641:N2, 122F4
100 _aChot J
245 0 _aLa belgique le congo Belge
260 _c1924
650 _aGEOGRAPHY
942 _hU:641:N2, 122F4
_cTB
_2CC
999 _c102983
_d102983